1079 1945 1455 1718 1363 1722 1443 1479 1104 1604 1867 1118 1134 1895 1529 1409 1910 1239 1404 1557 1554 1041 1291 1629 1892 1874 1737 1899 1368 1161 1567 1506 1924 1842 1702 1095 1676 1253 1658 1363 1113 1308 1229 1723 1000 1495 1454 1044 1745 1706 1283 1703 1939 1927 1837 1146 1527 1802 1661 1354 1408 1230 1850 1239 1161 1041 1747 1404 1699 1282 1620 1487 1882 1903 1812 1205 1106 1081 1711 1551 1266 1316 1336 1699 1050 1571 1409 1818 1345 1834 1977 1377 1475 1038 1779 1057 1180 1059 1093 BCNSPRNW ULIB Ver.6.0+V

เปลี่ยนเป็นภาษาไทย

Change to English
 แสดงรายละเอียดบรรณานุกรม
  กลับหน้าหลัก

Brief Record : Get Marc (ISO 2709) : E-mail record : QR code < ปิดหน้าต่าง
LEADER : 00000nam 2200000uu 4500
001    13399113795
003     ULIB
008    120105s2551||||th 000 0 tha d
020    ^a9789741673933
090    ^aนว.^bด898พ 2551
100 0  ^aเดวิล อิน เลิฟ
245 00 ^aพิศวาสสุดหัวใจ/^cเดวิล อิน เิลิฟ
250    ^aพิมพ์ครั้งที่ 1
260    ^aกรุงเทพฯ :^bsugar beat ,^c2551
300    ^a288 หน้า
945    ^p200^l0^i15319
995    ^aกัณชพร
999    ^aใช้งานได้ทุกระบบ
รายการนี้ยังไม่มีแท็ก
คุณยังไม่ได้ล็อกอิน คุณสามารถมีกิจกรรมร่วมกับเว็บไซต์ได้ แต่ต้องล็อกอินก่อน ::
  ล็อกอิน

รายการสื่อสารสนเทศ

ลำดับที่ ประเภท เลขเรียก/บาร์โค้ด สถานที่ สถานะ
1. นวนิยาย
นวนิยาย
นว. ด898พ 2551  
  Barcode: 15319
ห้องสมุดวิทยาเขตสวรรค์ประชารักษ์
►นวนิยาย
บนชั้น
  ขอยืม

BibComment


ยังไม่เคยถูกคอมเมนท์

คอมเมนท์ทรัพยากรรายการนี้
  คอมเมนท์: พิศวาสสุดหัวใจ เ..


 Copyright 2026. Bcnsprnw @Library